Swokowski Calculus /

में बचाया:
ग्रंथसूची विवरण
मुख्य लेखक: Cole, Jeffery A.
अन्य लेखक: Rockwold, Gary K.
स्वरूप: Sách giấy
भाषा:English
प्रकाशित: Boston : Pws-Kent, 1991
टैग : टैग जोड़ें
कोई टैग नहीं, इस रिकॉर्ड को टैग करने वाले पहले व्यक्ति बनें!
Thư viện lưu trữ: Thư viện Trường Đại học Đà Lạt
LEADER 00592nam a2200253 4500
001 DLU020000389
005 ##12/16/1998
020 # # |a 0-534-92485-9 
041 # # |a eng 
082 # # |a 515  |b CO-J 
100 # # |a Cole, Jeffery A. 
245 # # |a Swokowski Calculus /  |c Jeffery A.Cole , Gary K.Rockwold  
260 # # |a Boston :  |b Pws-Kent,  |c 1991 
300 # # |a 298 tr.;  |c 23 cm. 
700 # # |a Rockwold, Gary K. 
992 # # |a 14000 
994 # # |a DLU 
900 # # |a False 
911 # # |a Administrator 
925 # # |a G 
926 # # |a A 
927 # # |a SH 
980 # # |a Thư viện Trường Đại học Đà Lạt